TREE flora of Sabah and Sarawak

Bibliographic Details
Corporate Authors: Forest Research Institute Malaysia (FRIM), Malaysia
Other Authors: Saw, SOEPADMO, WONG (Khoon Meng)
Format: Book
Published: Kuala Lumpur : Institut Penyelidikan Perhutanan Malaysia , 1996
Subjects:

MARC

LEADER 00000cam a2200000 7i4500
001 0000000774
005 20011205.0
020 0 0 |a 9839592343 ,   |c v.1   |a 9839592564 ,   |c v.2 
090 0 0 |a R581.095952   |b TRE 1996 
245 0 0 |a TREE flora of Sabah and Sarawak   |c edited by E. Soepadmo and K. M. Wong 
260 0 0 |a Kuala Lumpur :   |b Institut Penyelidikan Perhutanan Malaysia ,   |c 1996 
300 |a x :   |b ill. ;   |c 26 cm. 
500 0 0 |a Includes index 
650 0 0 |a Botany   |x Classification 
650 0 0 |a Botany   |z Borneo 
650 0 0 |a Botany   |z Sabah 
650 0 0 |a Botany   |z Sarawak 
650 0 0 |a Plants   |x Identification 
700 0 1 |a Saw   |h L. G. 
700 0 1 |a SOEPADMO   |h E. 
700 0 1 |a WONG   |h K. M. [  |q (Khoon Meng)] 
710 1 1 |a Forest Research Institute Malaysia (FRIM) 
710 1 1 |a Malaysia ,   |c Sabah Forestry Department 
710 1 1 |a Malaysia ,   |c Sarawak Forestry Department 
998 |a JPSM 
999 |a 0000000642   |b Monograph   |c Reference   |e Default branch 
999 |a 0000002840   |b Monograph   |c Reference   |e Default branch